Bestsellers (Record no. 228400)
[ view plain ]
| 000 -LEADER | |
|---|---|
| fixed length control field | 01815nam a2200421 a 4500 |
| 082 04 - DEWEY DECIMAL CLASSIFICATION NUMBER | |
| Classification number | 813.009 |
| 100 1# - MAIN ENTRY--AUTHOR NAME | |
| Personal name | Sutherland, John, |
| 245 10 - TITLE STATEMENT | |
| Title | Bestsellers |
| 260 ## - PUBLICATION, DISTRIBUTION, ETC. (IMPRINT) | |
| Place of publication | Oxford ; |
| -- | New York : |
| Name of publisher | Oxford University Press, |
| Year of publication | 2007. |
| 300 ## - PHYSICAL DESCRIPTION | |
| Number of Pages | 127 p. : |
| Other physical details | ill. |
| 490 1# - SERIES STATEMENT | |
| Series statement | Very short introductions ; |
| 505 0# - FORMATTED CONTENTS NOTE | |
| Formatted contents note | Definitions -- The modern scene -- Fields and lists -- The American bestseller -- The British bestseller -- The future of the bestseller : is there one? |
| 650 #0 - SUBJECT ADDED ENTRY--TOPICAL TERM | |
| Topical Term | American fiction |
| Topical Term | Best sellers |
| Topical Term | Best sellers |
| Topical Term | English fiction |
| Topical Term | Popular literature |
| Topical Term | Popular literature |
| 856 40 - ELECTRONIC LOCATION AND ACCESS | |
| Uniform Resource Identifier | http://site.ebrary.com/lib/rucke/Doc?id=10212081 |
No items available.
